100 important art pieces throughout history - names of the paintings - Statistics

General Stats
  • This quiz has been taken 463 times
  • The average score is 10 of 100
Answer Stats
Picture Answer % Correct
David
92%
The birth of Venus
87%
The last suppeR
87%
The school of athenS
66%
The starry night
62%
Pantheon, Rome
61%
The kiss
61%
Persistence of memory
35%
The Arnolfini portrait
34%
The death of Marat
31%
The milkmaid
31%
The ambassadors
30%
The potato eaters
29%
Olympia
28%
Impression: Sunrise
26%
The calling of saint Matthew
19%
Judith slaying Holofernes
14%
Nude descending a staircase
14%
The treachery of images
13%
A sunday afternoon on the island of la Grande Jatte
10%
Oath of the Horatii
10%
The Haywain
10%
Ghent altarpiece
8%
Les Demoiselles D'Avignon
8%
Sistine chapel ceilling
8%
The Stonebreakers
8%
Déjeuner sur l'herbe
6%
My bed
6%
The lamentation of christ
6%
The intervention of the Sabine women
5%
I shop therefore I am
4%
The descent from the cross
4%
The flagellation of christ
4%
The grand Odalisque
4%
The tempietto
4%
Unique forms of continuity in space
4%
Bal du moulin de la galette
3%
Birth of the virgiN
3%
Chartes Cathedral, Chartes
3%
Diana and Actaeon
3%
Doubting Thomas
3%
Lamentation of christ
3%
Marilyn monroe diptych
3%
Mistress and maid
3%
Netherlandish proverbs
3%
Palazzo Rucellai
3%
Saint Matthew
3%
The city rises
3%
The lamentation of Christ
3%
Unique forms of continuity in space
3%
Wanderer above the sea fog
3%
Where do we come from? What are we? Where are we going?
3%
Annunciation with saint Margaret and saint Ansanus
2%
Bather
2%
Bonjour, Monsieur Courbet
2%
Dynamism of a dog on a leash
2%
Feast of saint Nicholas
2%
In the lodge
2%
Marriage of the virgin
2%
One
2%
Peasant dance
2%
Saint Michael's fight against the dragon
2%
Tableau I
2%
The boulevard Montmartre
2%
The holy trinity, with the virgin, saint John and Donors
2%
The red and blue chair
2%
Villa rotonda
2%
Waiting
2%
A bar at Folies Bergere
1%
Arabian fantasy
1%
Discovery of the body of saint Mark
1%
Et in Arcadia Ego
1%
Madonna with a long neck
1%
Miss Bowles with her dog
1%
Poster
1%
Raising of the cross
1%
The Pilgrim
1%
The virgin mourning Christ
1%
The vision of saint Theresa
1%
Vision after the Sermon
1%
Woman at her toilette
1%
Against the enamel of a background rhythmic with beats and Angles, tones and tints, portrait of M Felíx Fenéon
0%
Apparition of face and fruitdish on a beach
0%
Dome of the cathedral of florence
0%
facade of the Santa maria novella church
0%
La guitare
0%
Landscape in the Silesian mountains
0%
Mont Sainte-Victoire Seen from les Lauves
0%
Patriotic celebration
0%
Reconciliation of David and Absalom
0%
Sarah Campbell
0%
Saying grace
0%
Self portait with two circles
0%
States of mind: the Farewells
0%
Steamer in snowstorm
0%
Still life with Gilt Goblet
0%
The Gare saint Lazare in Paris
0%
The officers of the saint Adrian militia company
0%
The very rich hours of the duke of berry
0%
Woman with a violin
0%
No matching quizzes found
Score Distribution
Percent of People with Each Score
Percentile by Number Answered
Your Score History
You have not taken this quiz